| 000 | 00000nam##2200000za#4500 |
| 001 | 9.572638 |
| 003 | CaOODSP |
| 005 | 20220111083119 |
| 007 | cr ||||||||||| |
| 008 | 150406|2002||||xxc|||||o f|0| 0 eng|d |
| 022 | |a1928-6414 |
| 040 | |aCaOODSP|beng |
| 043 | |an-cn--- |
| 086 | 1 |aNE22-1/2002-3E-PDF |
| 110 | 1 |aCanada. |bNational Energy Board. |
| 245 | 10|aReasons for decision in the matter of Westcoast Energy Inc. : |h[electronic resource]|bGrizzly Extension Pipeline and the Weejay Lateral |
| 246 | 1 |iVariant title : |aWestcoast Energy Inc. |
| 260 | |aCalgary - Alberta : |bNational Energy Board |cNovember 2002. |
| 300 | |a48p.|bmap, tables |
| 490 | 1 |aReasons for decision|x1928-6414|vGH-2--2002 |
| 500 | |aThe catalogue number (NE22-1/2002-3E) and ISBN (0-662-32587-7) for the print edition have been incorrectly copied in this electronic publication. |
| 590 | |a12-10-Supp|b2012-03-23 |
| 775 | 08|tMotifs de décision relativement à Westcoast Energy Inc. : |w(CaOODSP)9.602981 |
| 776 | 0#|tIn the matter of Westcoast Energy Inc : |w(CaOODSP)9.616015 |
| 830 | #0|aReasons for decision (Canada. National Energy Board)|x1928-6414|vGH-2--2002|w(CaOODSP)9.504480 |
| 856 | 40|ahttp://publications.gc.ca|qPDF|s1.07 MB|uhttps://publications.gc.ca/collections/collection_2011/one-neb/NE22-1-2002-3-eng.pdf|yGH-2--2002 |